| 000 | 00956cam a22002892a 4500 | ||
|---|---|---|---|
| 001 | 22199 | ||
| 003 | BD-RjUL | ||
| 005 | 20211209000758.0 | ||
| 008 | 140306r19761964inu b 000 0 eng d | ||
| 035 | _a(BD-RjUL)22264 | ||
| 040 |
_aDLC _cWLU _dSER _dEQO _dBD-RjUL _beng |
||
| 041 | 1 | _aengfre | |
| 082 | 0 | 4 |
_a891.56 _bMOP 1976 |
| 100 | 1 |
_aMontesquieu, Charles de Secondat, _d1689-1755. _968522 |
|
| 245 | 1 | 4 |
_aThe Persian letters / _ctranslated, and with an introduction by George R. Healy |
| 260 |
_aIndianapolis : _bBobbs-Merrill, _c1964 [printing 1976]. |
||
| 300 |
_axxxviii, 273 p. ; _c21 cm |
||
| 490 | 1 |
_aLibrary of liberal arts ; _v131 |
|
| 504 | _aBibliography: p. xx-xxii | ||
| 650 | 1 |
_a Iranians -- Europe -- Fiction. _968523 |
|
| 830 | 0 |
_v131 _968543 |
|
| 700 | 1 |
_aHealy, George R., _d1923- _968525 |
|
| 830 | 0 |
_aLibrary of liberal arts ; _968544 |
|
| 942 |
_2ddc _cBK |
||
| 999 |
_c22199 _d22199 |
||